|
|
|
|
| LEADER |
00000nam a2200000 a 4500 |
| 001 |
vtls001125163 |
| 003 |
SK-MaSNL |
| 005 |
20260301062824.0 |
| 008 |
250414s1989 xo 0 hun |
| 015 |
|
|
|a SNBA1988
|
| 020 |
|
|
|a 8008001305
|
| 035 |
|
|
|a SNK000068012
|
| 040 |
|
|
|a SNK
|b slo
|c SNK
|e AACR2
|
| 041 |
0 |
|
|a hun
|
| 044 |
|
|
|a xo
|c SK
|
| 080 |
|
|
|a 809.451.1(075.3)
|2 1981
|
| 245 |
0 |
0 |
|a Magyar nyelv a hároméves szakmunkásképző intézetek 1-3. osztálya számára
|c Irén Borvakné Cs., va Fibiné H., Edit Pálffyné B., Adrien Törökné Sz., Alžbeta Szilvásyová
|
| 250 |
|
|
|a 1., kiad.
|
| 260 |
|
|
|a Bratislava
|b Slovenské pedagogické nakladateľstvo
|c 1989
|e Nitra
|f Nitrianske tlačiarne
|
| 300 |
|
|
|a 199 s., 8,01 AH
|c 21 cm
|
| 366 |
|
|
|e 6000 výtl.
|
| 500 |
|
|
|a Schválilo MŠM a Tv SSR.
|
| 650 |
0 |
7 |
|a maďarčina
|2 SNKPH
|9 1492
|
| 655 |
|
7 |
|a učebnice stredných škôl
|2 SNKPH
|9 69323
|
| 700 |
1 |
|
|a Borvakné Cs., Irén
|4 aut
|9 377655
|
| 700 |
1 |
|
|a Fibiné H., va
|4 aut
|9 377656
|
| 700 |
1 |
|
|a Pálffyné B., Edit
|4 aut
|9 377657
|
| 700 |
1 |
|
|a Törökné Sz., Adrien
|4 aut
|9 377658
|
| 700 |
1 |
|
|a Szilvásyová, Alžbeta
|4 bkd
|9 377659
|
| 852 |
|
|
|a Slovenská národná knižnica
|
| 919 |
|
|
|a 80-08-00130-5
|
| 958 |
|
|
|a UC
|
| 958 |
|
|
|a TL
|
| 958 |
|
|
|a HU
|
| 958 |
|
|
|a OND
|
| 999 |
|
|
|c 622012
|d 623942
|
| 952 |
|
|
|a SNK
|b SNK
|y PREZ
|7 0
|p 17A0965175
|o snkSC 75480
|0 0
|1 0
|4 0
|d 2012-10-07
|l 0
|r 2025-08-01 00:00:00
|w 2026-02-23
|
| 952 |
|
|
|t P60, <04>, [BOOK], {604}
|a SNK
|b SNK
|y VYP
|7 0
|p 17A0343765
|o snkSC 75480 D2
|i snkKSP 5804/2002
|0 0
|1 0
|4 0
|d 2002-05-16
|l 0
|r 2004-12-31 00:00:00
|w 2026-02-23
|